00613 2200229 4500001002100000005001700021008004100038020001800079035002400097082001000121090001500131245006700146250001000213260003100223300002400254650001200278700001500290850001500305990002100320990002100341990002100362YOGYA-0209000004027620090227025634.0 ind  a979-99584-2-3 0010-020900000040276 a297.4 a297.4bHid aHIDUP ini indahbkisah-kisah penyejuk haticEditor, Mohammedha aCet.1 aYogyakartabHarmoniac2007 avii, 191 hlmc19 cm aTasawuf aMohammedha aYOPDYOG(B) a31605-PD/B.07b1 a31604-PD/B.07b1 a31603-PD/B.07b1